[Event "BL 1314 Hamburger SK - Bayern München"]
[Site "?"]
[Date "2013.12.14"]
[Round "5.4"]
[White "Rogozenco, Dorian"]
[Black "Jorczik, Julian"]
[Result "1/2-1/2"]
[WhiteElo "2516"]
[BlackElo "2397"]
[PlyCount "110"]
[EventDate "2013.??.??"]

1. d4 Nf6 2. c4 e6 3. Nc3 Bb4 4. Qc2 Nc6 5. Nf3 d6 6. Bd2 O-O 7. a3 Bxc3 8.
Bxc3 Qe7 9. e3 e5 10. d5 Nb8 11. Nd2 a5 12. b3 c6 13. dxc6 Nxc6 14. Bd3 Kh8 15.
O-O d5 16. cxd5 Nxd5 17. Bb2 Be6 18. Rac1 Rac8 19. Qb1 f6 20. Ne4 Bg8 21. Ng3
Rfd8 22. h4 Qd6 23. Nf5 Qd7 24. Be4 Nce7 25. Rcd1 Qe8 26. Rd2 Nxf5 27. Bxf5 Rb8
28. Rfd1 Ne7 29. Be4 Rxd2 30. Rxd2 Rd8 31. Rxd8 Qxd8 32. Bxb7 Qb6 33. Be4 Qxb3
34. Qc2 Qb6 35. Bc3 Qc5 36. a4 Nd5 37. Bd2 Qxc2 38. Bxc2 Nb4 39. Bxb4 axb4 40.
a5 Bc4 41. f4 Kg8 42. Kf2 h6 43. fxe5 fxe5 44. e4 b3 45. Bd1 b2 46. Bc2 Kf7 47.
Ke3 Ke7 48. Kd2 Kd6 49. Kc3 Kc5 50. Kxb2 Kb4 51. g3 Kxa5 52. Kc3 Kb5 53. Bd1
Kc5 54. Bg4 Bf1 55. Bc8 Bb5 1/2-1/2

[Event "BL 1314 Hamburger SK - Bayern München"]
[Site "?"]
[Date "2013.12.14"]
[Round "5.5"]
[White "Renner, Christoph"]
[Black "Mueller, Karsten"]
[Result "1/2-1/2"]
[WhiteElo "2379"]
[BlackElo "2532"]
[PlyCount "61"]
[EventDate "2013.??.??"]

1. d4 Nf6 2. Bf4 c5 3. e3 b6 4. Nf3 g6 5. c3 Bg7 6. Bd3 O-O 7. O-O Bb7 8. Re1
d6 9. e4 Nbd7 10. Nbd2 Qc7 11. h3 e5 12. Bh2 Nh5 13. Rc1 Rad8 14. b4 Bh6 15.
Qb3 Nf4 16. Bf1 Nf6 17. bxc5 bxc5 18. dxe5 dxe5 19. Rb1 Bc6 20. Qc2 Nd7 21. Bb5
Ba8 22. Nc4 Bg7 23. Rbd1 Nb6 24. Nxb6 Qxb6 25. Bc4 Qf6 26. Bxf4 Qxf4 27. Rxd8
Rxd8 28. Qe2 Bc6 29. g3 Qf6 30. h4 h6 31. Nh2 1/2-1/2

[Event "BL 1314 Hamburger SK - Bayern München"]
[Site "?"]
[Date "2013.12.14"]
[Round "5.6"]
[White "Heinemann, Thies"]
[Black "Meister, Peter"]
[Result "0-1"]
[WhiteElo "2453"]
[BlackElo "2403"]
[PlyCount "58"]
[EventDate "2013.??.??"]

1. e4 e6 2. d4 d5 3. Nd2 Nf6 4. e5 Nfd7 5. Bd3 c5 6. c3 Nc6 7. Ne2 cxd4 8. cxd4
f6 9. exf6 Nxf6 10. Nf3 Bd6 11. O-O Qc7 12. g3 O-O 13. Bf4 Ng4 14. Rc1 Bxf4 15.
Nxf4 Rxf4 16. gxf4 Qxf4 17. Be2 Nf6 18. Kh1 Ne4 19. Bd3 Bd7 20. Bxe4 dxe4 21.
Ne1 Rf8 22. Rc3 e5 23. Ng2 Qf7 24. dxe5 Nxe5 25. Rg3 Bb5 26. Qd4 Nf3 27. Rxg7+
Qxg7 28. Qd5+ Kh8 29. Qxb5 Rg8 0-1

[Event "BL 1314 Hamburger SK - Bayern München"]
[Site "?"]
[Date "2013.12.14"]
[Round "5.7"]
[White "Fedorovsky, Michael"]
[Black "Sebastian, Dirk"]
[Result "1-0"]
[WhiteElo "2382"]
[BlackElo "2454"]
[PlyCount "53"]
[EventDate "2013.??.??"]

1. d4 g6 2. c4 Bg7 3. Nc3 d6 4. Nf3 Nd7 5. e4 e5 6. Be2 Ne7 7. h4 h6 8. Be3 Nc6
9. d5 Ne7 10. g4 Nf6 11. g5 Nh5 12. Qd2 Ng8 13. O-O-O Bd7 14. Kb1 a6 15. Rdg1
Qe7 16. Ne1 Nf4 17. Bxf4 exf4 18. Qxf4 O-O-O 19. Bg4 Kb8 20. Bxd7 Qxd7 21. Nd3
Re8 22. Rc1 f6 23. gxf6 Nxf6 24. e5 Nh5 25. e6 Nxf4 26. exd7 Ref8 27. d8=Q+ 1-0

[Event "BL 1314 SV Hockenheim - SV Mülheim Nord"]
[Site "?"]
[Date "2013.12.14"]
[Round "5.3"]
[White "Potkin, Vladimir"]
[Black "Baramidze, David"]
[Result "0-1"]
[WhiteElo "2648"]
[BlackElo "2614"]
[PlyCount "74"]
[EventDate "2013.??.??"]

1. c4 e6 2. Nc3 d5 3. d4 Nf6 4. cxd5 exd5 5. Bg5 c6 6. e3 Bf5 7. Qf3 Bg6 8.
Bxf6 Qxf6 9. Qxf6 gxf6 10. Nf3 Nd7 11. Nh4 Be7 12. g3 Nb6 13. f3 O-O-O 14. Kf2
Kb8 15. Rd1 Rhe8 16. Bd3 Bb4 17. f4 Bxc3 18. bxc3 Bxd3 19. Rxd3 Nc4 20. Nf5 h5
21. h3 Kc7 22. g4 Rh8 23. Rdd1 hxg4 24. hxg4 Nb2 25. Rdg1 Na4 26. g5 fxg5 27.
fxg5 Nxc3 28. Kf3 Rxh1 29. Rxh1 Ne4 30. Kf4 Rg8 31. Nh6 Rxg5 32. Nxf7 Rg2 33.
Ke5 Ng5 34. Nh6 Rxa2 35. Nf5 Rh2 36. Ra1 a6 37. Kf4 Nf7 0-1

[Event "BL 1314 SV Hockenheim - SV Mülheim Nord"]
[Site "?"]
[Date "2013.12.14"]
[Round "5.4"]
[White "Wagner, Dennis"]
[Black "Landa, Konstantin"]
[Result "1-0"]
[WhiteElo "2460"]
[BlackElo "2638"]
[PlyCount "71"]
[EventDate "2013.??.??"]

1. d4 Nf6 2. c4 e6 3. Nf3 d5 4. Nc3 Bb4 5. Bg5 h6 6. Bxf6 Qxf6 7. Qa4+ Nc6 8.
e3 O-O 9. Be2 dxc4 10. O-O Bd7 11. Bxc4 Bd6 12. Ne4 Qe7 13. Qc2 e5 14. d5 Nd8
15. Nxd6 cxd6 16. Rac1 f5 17. Be2 Rc8 18. Qb3 f4 19. Nd2 b6 20. Qa3 fxe3 21.
Qxe3 Nf7 22. Ba6 Rxc1 23. Rxc1 Bf5 24. Ne4 Rd8 25. Ng3 Bg6 26. Bd3 Bxd3 27.
Qxd3 Qd7 28. Rc6 Qg4 29. Rc7 Qa4 30. h3 Rf8 31. Qg6 Qd1+ 32. Kh2 Qd4 33. Nf5
Qf4+ 34. Kg1 Qg5 35. Ne7+ Kh8 36. Qxg5 1-0

[Event "BL 1314 SV Hockenheim - SV Mülheim Nord"]
[Site "?"]
[Date "2013.12.14"]
[Round "5.5"]
[White "Fridman, Daniel"]
[Black "Ribli, Zoltan"]
[Result "1/2-1/2"]
[WhiteElo "2600"]
[BlackElo "2575"]
[PlyCount "41"]
[EventDate "2013.??.??"]

1. Nf3 Nf6 2. c4 e6 3. g3 d5 4. d4 Bb4+ 5. Bd2 Be7 6. Bg2 O-O 7. O-O c6 8. Qc2
b6 9. Bf4 Nbd7 10. Rd1 Ba6 11. Ne5 Rc8 12. cxd5 cxd5 13. Nc6 Nh5 14. Be3 Nb8
15. Nxe7+ Qxe7 16. Nc3 Rfd8 17. Rac1 Nc6 18. Qd2 Nf6 19. Bf4 h6 20. h3 Ne4 21.
Nxe4 1/2-1/2

[Event "BL 1314 SV Hockenheim - SV Mülheim Nord"]
[Site "?"]
[Date "2013.12.14"]
[Round "5.6"]
[White "Banusz, Tamas"]
[Black "Berelowitsch, Alexander"]
[Result "1-0"]
[WhiteElo "2593"]
[BlackElo "2542"]
[PlyCount "161"]
[EventDate "2013.??.??"]

1. Nf3 f5 2. d4 Nf6 3. g3 g6 4. Bg2 Bg7 5. O-O O-O 6. b3 d6 7. Bb2 Ne4 8. Nbd2
Nc6 9. Ne1 Ng5 10. f4 Nf7 11. Nc4 e6 12. e3 Bd7 13. Qd2 Rb8 14. a4 Ne7 15. Nd3
Bc6 16. Bxc6 Nxc6 17. Na3 Ne7 18. c4 c6 19. Nc2 Re8 20. Bc3 d5 21. c5 Kf8 22.
b4 Ng8 23. b5 Nf6 24. Ba5 Qd7 25. Rab1 Ne4 26. Qb4 Kg8 27. bxc6 Qxc6 28. Rfc1
h5 29. Na3 a6 30. Bb6 h4 31. Kg2 hxg3 32. hxg3 Ra8 33. Nc2 Nh6 34. Ba5 Rab8 35.
Qa3 Ng4 36. Rb6 Qd7 37. Qb3 Bf8 38. c6 Qh7 39. Rh1 Qc7 40. Rb1 Qh7 41. Rh1 Qc7
42. Rb1 bxc6 43. Ne5 Nxe5 44. dxe5 Rxb6 45. Qxb6 Qd7 46. Qb7 Qxb7 47. Rxb7 Nc5
48. Rc7 Nb3 49. Bb6 c5 50. a5 Re7 51. Rc8 Rd7 52. Ra8 d4 53. exd4 Kf7 54. Rxa6
cxd4 55. Ra8 d3 56. Ne3 Rb7 57. Rd8 Nc5 58. Rxf8+ Kxf8 59. Bxc5+ Ke8 60. Bb6
Kd7 61. Kf3 Kc6 62. Nc4 Rh7 63. Ke3 Rh3 64. a6 g5 65. a7 gxf4+ 66. Kd2 Kb7 67.
Nd6+ Ka8 68. Nb5 Kb7 69. gxf4 Rh8 70. Bc7 Rh2+ 71. Kxd3 Rh3+ 72. Ke2 Rh2+ 73.
Kf3 Rh3+ 74. Kg2 Rb3 75. Nd4 Rb4 76. Nxe6 Kxa7 77. Kg3 Rb1 78. Nd4 Kb7 79. Bd6
Rg1+ 80. Kf2 Rg7 81. Nxf5 1-0

[Event "BL 1314 SV Hockenheim - SV Mülheim Nord"]
[Site "?"]
[Date "2013.12.14"]
[Round "5.7"]
[White "Hausrath, Daniel"]
[Black "Rau, Hannes"]
[Result "1/2-1/2"]
[WhiteElo "2533"]
[BlackElo "2460"]
[PlyCount "191"]
[EventDate "2013.??.??"]

1. Nf3 c5 2. c4 Nc6 3. Nc3 g6 4. g3 Bg7 5. Bg2 e5 6. a3 a5 7. O-O Nge7 8. d3
O-O 9. Rb1 d6 10. Bd2 h6 11. Ne1 Rb8 12. Nc2 Be6 13. b4 axb4 14. axb4 cxb4 15.
Nxb4 Nxb4 16. Rxb4 d5 17. cxd5 Nxd5 18. Nxd5 Bxd5 19. Rb5 Bxg2 20. Kxg2 Qe8 21.
Rb6 e4 22. Bb4 exd3 23. Qxd3 Qd8 24. Rd6 Qc8 25. Qb3 g5 26. Rg6 Qf5 27. Rxg7+
Kxg7 28. Qb2+ Kg8 29. Bxf8 Rxf8 30. Qxb7 Re8 31. e3 Qe4+ 32. Qxe4 Rxe4 33. h3
Ra4 34. Rd1 Kg7 35. Rd4 Ra2 36. h4 Kg6 37. Rd6+ Kg7 38. h5 Ra5 39. g4 Ra2 40.
Kg3 Ra3 41. Kf3 Rb3 42. Ke4 Rb2 43. f4 gxf4 44. exf4 Rh2 45. Kf3 Rh1 46. Kg2
Ra1 47. Kf3 Rh1 48. Ra6 Rg1 49. Ra2 Rh1 50. Ke4 Re1+ 51. Kf5 Rh1 52. Re2 Rh4
53. Re4 Rh1 54. Ke5 Ra1 55. Rd4 Re1+ 56. Kf5 Rh1 57. Ke4 Rg1 58. Kf3 Rh1 59.
Rd6 Rf1+ 60. Kg3 Rg1+ 61. Kh3 Rh1+ 62. Kg2 Ra1 63. f5 Ra2+ 64. Kg3 Ra3+ 65. Kf4
Ra4+ 66. Ke5 Ra5+ 67. Rd5 Ra6 68. Rb5 Rc6 69. Ra5 Rb6 70. Ra4 Rb5+ 71. Kf4 Rb6
72. Rc4 Ra6 73. Rb4 Rc6 74. Ke5 Ra6 75. Rc4 Ra5+ 76. Ke4 Ra6 77. Kf4 Rb6 78.
Ra4 Rc6 79. Ke5 Rb6 80. Rd4 Ra6 81. Rd6 Ra5+ 82. Rd5 Ra6 83. Rb5 Rc6 84. Rb8
Rc5+ 85. Kd4 Rc6 86. Kd5 Ra6 87. Ke5 Ra5+ 88. Kf4 Ra4+ 89. Kg3 Ra3+ 90. Kh4 Ra6
91. Rb4 Rc6 92. g5 hxg5+ 93. Kxg5 f6+ 94. Kh4 Rc5 95. Kg4 Kh6 96. Ra4 1/2-1/2

[Event "BL 1314 SV Hockenheim - SV Mülheim Nord"]
[Site "?"]
[Date "2013.12.14"]
[Round "5.8"]
[White "Boguslavskyy, Oleg"]
[Black "Levin, Felix"]
[Result "1/2-1/2"]
[WhiteElo "2442"]
[BlackElo "2486"]
[PlyCount "52"]
[EventDate "2013.??.??"]

1. e4 e5 2. Nf3 Nc6 3. Bb5 Nf6 4. d3 d6 5. c3 Be7 6. O-O O-O 7. Nbd2 Bd7 8. Re1
Re8 9. Nf1 Bf8 10. Ng3 a6 11. Ba4 g6 12. h3 Bg7 13. d4 b5 14. Bc2 Na5 15. b3 c5
16. d5 Qc7 17. Be3 Nb7 18. Qd2 a5 19. Bh6 c4 20. Bxg7 Kxg7 21. Re3 cxb3 22.
Bxb3 a4 23. Bd1 Na5 24. Be2 Nc4 25. Bxc4 bxc4 26. Rb1 Rab8 1/2-1/2

[Event "BL 1314 OSG Baden Baden - SV Wattensche"]
[Site "?"]
[Date "2013.12.14"]
[Round "5.1"]
[White "Najer, Evgeniy"]
[Black "Bacrot, Etienne"]
[Result "1-0"]
[WhiteElo "2641"]
[BlackElo "2749"]
[PlyCount "115"]
[EventDate "2013.??.??"]

1. d4 Nf6 2. c4 g6 3. Nc3 Bg7 4. e4 d6 5. Nf3 O-O 6. Be2 e5 7. O-O Nc6 8. d5
Ne7 9. b4 Nh5 10. g3 f5 11. Ng5 Nf6 12. Bf3 Rb8 13. Qd3 c6 14. b5 cxd5 15. cxd5
h6 16. Ne6 Bxe6 17. dxe6 fxe4 18. Bxe4 Nxe4 19. Nxe4 d5 20. Ba3 dxe4 21. Qxd8
Rfxd8 22. Bxe7 Re8 23. Bd6 Rbd8 24. Rfd1 Rxe6 25. Bc5 Ra8 26. Rd7 b6 27. Be3 a6
28. bxa6 Rxa6 29. Rc1 Ra8 30. a4 Bf8 31. Rc4 h5 32. Kg2 Rf6 33. Rd5 Ra5 34. Rb5
Rxb5 35. axb5 Bc5 36. Bxc5 bxc5 37. Rxc5 Rf3 38. Rxe5 Rb3 39. Kf1 Rb2 40. Ke1
Kf7 41. Kd1 Rxf2 42. Kc1 Rxh2 43. b6 Rh1+ 44. Kc2 Rh2+ 45. Kc3 Rh1 46. Rb5 Rc1+
47. Kd4 Rc8 48. Kxe4 Kf6 49. b7 Rb8 50. Rb4 g5 51. Rb6+ Ke7 52. Rh6 Kf7 53. Kd5
Kg7 54. Rb6 h4 55. gxh4 gxh4 56. Kc6 h3 57. Rb3 Rh8 58. b8=Q 1-0

[Event "BL 1314 OSG Baden Baden - SV Wattensche"]
[Site "?"]
[Date "2013.12.14"]
[Round "5.6"]
[White "Shirov, Alexei"]
[Black "Handke, Florian"]
[Result "1-0"]
[WhiteElo "2695"]
[BlackElo "2541"]
[PlyCount "67"]
[EventDate "2013.??.??"]

1. e4 e5 2. Nf3 Nc6 3. Bc4 Bc5 4. b4 Bxb4 5. c3 Be7 6. d4 Na5 7. Bd3 d6 8. dxe5
dxe5 9. Nxe5 Nf6 10. O-O O-O 11. Nf3 Bg4 12. h3 Bh5 13. e5 Nd7 14. g4 Nc5 15.
Be2 Bg6 16. Nd4 Ne6 17. Be3 Be4 18. Nd2 Bd5 19. Nf5 Bc5 20. Bxc5 Nxc5 21. Qc2
f6 22. Rad1 Qe8 23. Bf3 Bxf3 24. Nxf3 fxe5 25. Rd5 b6 26. Rxe5 Qd7 27. Ne7+
Qxe7 28. Rxe7 Rxf3 29. Rxc7 Raf8 30. Re1 Rxf2 31. Qxf2 Rxf2 32. Kxf2 Nd3+ 33.
Kf1 Nxe1 34. Kxe1 1-0

[Event "BL 1314 OSG Baden Baden - SV Wattensche"]
[Site "?"]
[Date "2013.12.14"]
[Round "5.7"]
[White "Hirneise, Tobias"]
[Black "Nisipeanu, Liviu-Dieter"]
[Result "1/2-1/2"]
[WhiteElo "2440"]
[BlackElo "2682"]
[PlyCount "62"]
[EventDate "2013.??.??"]

1. Nf3 d5 2. d4 Nf6 3. c4 e6 4. e3 c5 5. cxd5 exd5 6. Bb5+ Bd7 7. Bxd7+ Nbxd7
8. dxc5 Nxc5 9. O-O Be7 10. Bd2 O-O 11. Bc3 Nfe4 12. Bd4 Ne6 13. Nc3 Nxd4 14.
Nxd4 Nxc3 15. bxc3 Qd7 16. Qb3 Rac8 17. Rfd1 Rc5 18. Rd3 g6 19. Rad1 Rd8 20.
Ne2 Bg5 21. h3 b5 22. e4 Qe8 23. Rxd5 Rcxd5 24. Rxd5 Qxe4 25. Rxd8+ Bxd8 26.
Qxb5 Bb6 27. a4 Qc2 28. Qe8+ Kg7 29. Qe5+ Kg8 30. Qe8+ Kg7 31. Qe5+ Kg8 1/2-1/2

[Event "BL 1314 OSG Baden Baden - SV Wattensche"]
[Site "?"]
[Date "2013.12.14"]
[Round "5.8"]
[White "Meier, Georg"]
[Black "Dinstuhl, Volkmar"]
[Result "1-0"]
[WhiteElo "2623"]
[BlackElo "2407"]
[PlyCount "53"]
[EventDate "2013.??.??"]

1. Nf3 Nf6 2. c4 c5 3. Nc3 d5 4. cxd5 Nxd5 5. g3 g6 6. Bg2 Bg7 7. Ng5 Nb6 8.
O-O O-O 9. b3 Nc6 10. Ba3 c4 11. Rc1 Bd7 12. Nge4 Rb8 13. Nc5 Be8 14. e3 Qc8
15. Qe2 cxb3 16. axb3 Nd7 17. N5e4 Qd8 18. d4 Nf6 19. Nxf6+ Bxf6 20. Nd5 Bg7
21. Rxc6 bxc6 22. Nxe7+ Kh8 23. Qc4 c5 24. Qxc5 Rxb3 25. Qxa7 Bb5 26. Nc6 Qa8
27. Bxf8 1-0

[Event "BL 1314 SV Griesheim - Turm Emsdetten"]
[Site "?"]
[Date "2013.12.14"]
[Round "5.1"]
[White "Swiercz, Dariusz"]
[Black "Piorun, Kacper"]
[Result "1/2-1/2"]
[WhiteElo "2627"]
[BlackElo "2555"]
[PlyCount "164"]
[EventDate "2013.??.??"]

1. Nf3 Nf6 2. c4 c5 3. Nc3 g6 4. e4 d6 5. d4 cxd4 6. Nxd4 Bg7 7. Be2 O-O 8. O-O
Nc6 9. Be3 Bd7 10. f3 Nxd4 11. Bxd4 a5 12. Qd2 Bc6 13. b3 Nd7 14. Be3 Nc5 15.
Rab1 Qb6 16. Rfc1 Rfc8 17. Rc2 Qd8 18. Bf1 h5 19. Ne2 Ne6 20. Rd1 Kh7 21. Qe1
Qh8 22. Kh1 Be5 23. Nc3 Qf6 24. Bf2 Qf4 25. Bg3 Qf6 26. Nd5 Bxd5 27. Bxe5 dxe5
28. exd5 Nd4 29. Rf2 e6 30. Qd2 exd5 31. f4 Nf5 32. fxe5 Qxe5 33. Qxd5 Qxd5 34.
Rxd5 Rd8 35. Rfd2 Rxd5 36. Rxd5 a4 37. b4 Ne3 38. Rd7 Nxf1 39. Rxf7+ Kh6 40.
Rxf1 Rd8 41. c5 Rd2 42. a3 Ra2 43. Kg1 Rxa3 44. Rf7 Rb3 45. Rxb7 a3 46. Kf2 a2
47. Ra7 Rxb4 48. Rxa2 Rc4 49. Ra5 Rc2+ 50. Kf3 h4 51. h3 g5 52. Ra6+ Kh5 53. c6
Kg6 54. Ke4 Kf6 55. Kd5 Ke7 56. Ra8 Rd2+ 57. Ke4 Rc2 58. Rg8 Rxc6 59. Rxg5 Kf6
60. Rg4 Rc5 61. Ke3 Re5+ 62. Kf2 Rf5+ 63. Kg1 Rh5 64. Kh1 Rh8 65. Kh2 Rh7 66.
Kg1 Rh5 67. Ra4 Rh8 68. Kf2 Kg5 69. Ke3 Rb8 70. Ra5+ Kg6 71. Re5 Rb2 72. Kf3
Ra2 73. Re2 Ra4 74. Re4 Ra3+ 75. Kf4 Ra2 76. Kf3 Ra3+ 77. Kg4 Rg3+ 78. Kxh4
Rxg2 79. Rg4+ Rxg4+ 80. hxg4 Kh6 81. g5+ Kg6 82. Kg3 Kxg5 1/2-1/2

[Event "BL 1314 SV Griesheim - Turm Emsdetten"]
[Site "?"]
[Date "2013.12.14"]
[Round "5.4"]
[White "Grabarczyk, Miroslaw"]
[Black "Grandelius, Nils"]
[Result "0-1"]
[WhiteElo "2470"]
[BlackElo "2557"]
[PlyCount "136"]
[EventDate "2013.??.??"]

1. d4 Nf6 2. c4 g6 3. Nf3 Bg7 4. g3 O-O 5. Bg2 d6 6. Nc3 Nbd7 7. O-O c6 8. d5
Nb6 9. dxc6 bxc6 10. c5 dxc5 11. Qxd8 Rxd8 12. Ne5 Bb7 13. Nxc6 Bxc6 14. Bxc6
Rac8 15. Bf3 Nfd5 16. Nxd5 Nxd5 17. Rb1 Nb4 18. Bf4 c4 19. a3 Nd5 20. Bd2 Rb8
21. Rfc1 Rxb2 22. Rxb2 Bxb2 23. Rxc4 Nb6 24. Rc2 Bxa3 25. Be3 Bd6 26. Kg2 h5
27. Ra2 Rd7 28. Be4 Rc7 29. Bd3 Bb4 30. Ra6 Nc8 31. Bb5 Bd6 32. h4 Kg7 33. Ra2
Nb6 34. Bd3 Bb4 35. Ra6 Nc8 36. Bb5 Bd6 37. Ra2 Be5 38. Ba6 Nb6 39. Bd3 Bd6 40.
Ra6 Nc8 41. Bb5 Bb4 42. Bf4 Nd6 43. Rc6 Rxc6 44. Bxc6 Nf5 45. e4 Nd6 46. Bxd6
Bxd6 47. f4 e5 48. Kf3 Kf6 49. Bb5 a5 50. Ba4 Bb4 51. Ke2 Bc3 52. Bb5 Ke6 53.
Bc4+ Ke7 54. Bb3 exf4 55. gxf4 Bf6 56. e5 Bxh4 57. Kf3 Be1 58. Ba4 Bd2 59. Bc2
Bc1 60. Ba4 h4 61. f5 gxf5 62. Bb3 Bd2 63. Kg2 Bf4 64. Kh3 Bg3 65. Ba2 a4 66.
Bc4 a3 67. Ba2 f4 68. Kg4 f3 0-1

[Event "BL 1314 SV Griesheim - Turm Emsdetten"]
[Site "?"]
[Date "2013.12.14"]
[Round "5.5"]
[White "Yilmaz, Mustafa"]
[Black "Farago, Ivan"]
[Result "1/2-1/2"]
[WhiteElo "2577"]
[BlackElo "2479"]
[PlyCount "69"]
[EventDate "2013.??.??"]

1. d4 Nf6 2. c4 e6 3. Nf3 b6 4. g3 Ba6 5. Qb3 Nc6 6. Nbd2 d5 7. Qa4 Bb7 8. Ne5
Bd6 9. cxd5 exd5 10. Ndc4 Bb4+ 11. Nd2 Bd6 12. Nxc6 Qd7 13. Nc4 Bxc6 14. Nxd6+
cxd6 15. Qa3 O-O 16. Bf4 Bb5 17. Qxd6 Qxd6 18. Bxd6 Rfc8 19. a4 Ba6 20. b4 Rc2
21. b5 Bb7 22. Bh3 Ne4 23. Bf4 Nc3 24. Bd2 Ne4 25. Be3 Bc8 26. Bg2 Bg4 27. Bf3
Bxf3 28. exf3 Nd6 29. O-O Nc4 30. Rfe1 f6 31. h4 Kf7 32. Bf4 a6 33. bxa6 Rxa6
34. Reb1 Rb2 35. Re1 1/2-1/2

[Event "BL 1314 SV Griesheim - Turm Emsdetten"]
[Site "?"]
[Date "2013.12.14"]
[Round "5.6"]
[White "Grabarczyk, Bogdan"]
[Black "Pruijssers, Roeland"]
[Result "1-0"]
[WhiteElo "2393"]
[BlackElo "2536"]
[PlyCount "79"]
[EventDate "2013.??.??"]

1. e4 e5 2. Nf3 d6 3. d4 exd4 4. Nxd4 Nf6 5. Nc3 Be7 6. Nde2 Nbd7 7. g3 O-O 8.
Bg2 Re8 9. O-O Bf8 10. Be3 c6 11. h3 b5 12. a3 Bb7 13. g4 Ne5 14. g5 Nfd7 15.
b3 Ng6 16. Ng3 Qc7 17. Nf5 Nc5 18. h4 Rad8 19. h5 Ne7 20. Nd4 a6 21. Qg4 Nd7
22. Qg3 Qb8 23. Rad1 c5 24. Nde2 b4 25. axb4 cxb4 26. Na4 Qa8 27. Rd4 Nc6 28.
Rd2 Ne7 29. Qf4 Nc8 30. Ng3 g6 31. Rfd1 a5 32. h6 Bc6 33. Bd4 Be7 34. Ba1 Qb7
35. Bf1 Nf8 36. Nc5 Qa7 37. Bc4 d5 38. Qe5 f6 39. Rxd5 Qxc5 40. Rxd8+ 1-0

[Event "BL 1314 SV Griesheim - Turm Emsdetten"]
[Site "?"]
[Date "2013.12.14"]
[Round "5.7"]
[White "Hector, Jonny"]
[Black "Walter, Stefan"]
[Result "0-1"]
[WhiteElo "2503"]
[BlackElo "2352"]
[PlyCount "120"]
[EventDate "2013.??.??"]

1. e4 e5 2. Nf3 Nc6 3. Bc4 Nf6 4. Qe2 Be7 5. d4 O-O 6. dxe5 Ng4 7. Bf4 Bb4+ 8.
c3 Bc5 9. h3 Nh6 10. Nbd2 Kh8 11. O-O-O Qe8 12. Nb3 Bb6 13. Nbd4 Ng8 14. h4 f6
15. exf6 Nxf6 16. e5 Nh5 17. Bh2 Nf4 18. Qd2 Na5 19. Bf1 Ne6 20. Qc2 d5 21.
exd6 Nxd4 22. Nxd4 Qf7 23. b3 c5 24. Nf3 Bf5 25. Bd3 Bxd3 26. Rxd3 c4 27. bxc4
Qxc4 28. Rhd1 Bc5 29. Kb1 Nc6 30. Rd5 Ba3 31. Qd3 Qa4 32. Ng5 g6 33. Ne4 b5 34.
f3 b4 35. Nc5 Qa5 36. Ne6 Qa4 37. Qb5 Qxb5 38. Rxb5 Rfe8 39. Nc7 Re2 40. Nxa8
bxc3 41. Ka1 c2 42. Rh1 Rd2 43. Rbb1 cxb1=Q+ 44. Kxb1 Kg8 45. d7 Rxd7 46. Kc2
Rb7 47. Kc3 Be7 48. Nc7 Bf6+ 49. Kc4 Rb2 50. Kd5 Nd8 51. a4 Rxg2 52. Bf4 Ra2
53. Ne8 Be7 54. Re1 Rxa4 55. Bc7 Bxh4 56. Rb1 Ra2 57. Nd6 Rd2+ 58. Ke4 Nc6 59.
Rc1 Rd4+ 60. Ke3 Bg5+ 0-1

[Event "BL 1314 SV Griesheim - Turm Emsdetten"]
[Site "?"]
[Date "2013.12.14"]
[Round "5.8"]
[White "Holmlund, Kenneth"]
[Black "Janssen, Ruud"]
[Result "0-1"]
[WhiteElo "2088"]
[BlackElo "2471"]
[PlyCount "30"]
[EventDate "2013.??.??"]

1. c4 Nf6 2. Nf3 e6 3. b3 d5 4. e3 Bd6 5. Bb2 O-O 6. Qc2 Nbd7 7. d4 b6 8. Bd3
Bb7 9. Nbd2 c5 10. Rc1 cxd4 11. exd4 Bf4 12. O-O dxc4 13. bxc4 Bxf3 14. gxf3
Nd5 15. cxd5 Qg5+ 0-1

[Event "BL 1314 SC Viernheim - SF Katernberg"]
[Site "?"]
[Date "2013.12.14"]
[Round "5.1"]
[White "Volokitin, Andrei"]
[Black "Maze, Sebastien"]
[Result "1-0"]
[WhiteElo "2682"]
[BlackElo "2544"]
[PlyCount "111"]
[EventDate "2013.??.??"]

1. d4 Nf6 2. c4 g6 3. Nc3 Bg7 4. e4 d6 5. Nf3 O-O 6. Be2 c5 7. d5 e6 8. O-O
exd5 9. exd5 Re8 10. h3 Bf5 11. Bd3 Bxd3 12. Qxd3 Nbd7 13. Bf4 Qb6 14. Nb5 Ne5
15. Nxe5 dxe5 16. Be3 Nd7 17. a4 a5 18. Rad1 Rad8 19. d6 Kh8 20. Qd5 Rf8 21.
Rfe1 Qc6 22. Qxc6 bxc6 23. Nc7 Rb8 24. Na6 Rxb2 25. Nxc5 Nxc5 26. Bxc5 Rd8 27.
Ba3 Ra2 28. Ra1 Rxa3 29. Rxa3 Rxd6 30. Rb3 Bf6 31. Rb7 Kg7 32. Ra7 Rd4 33. Rb1
Rxc4 34. Rbb7 g5 35. Rxf7+ Kg6 36. Rfd7 Rxa4 37. Rd6 Ra1+ 38. Kh2 Ra2 39. f3
Ra4 40. Rxc6 Rf4 41. Rxa5 e4 42. Kg1 exf3 43. g3 f2+ 44. Kf1 Rf3 45. Ra2 h5 46.
g4 hxg4 47. hxg4 Kf7 48. Rxf2 Rxf2+ 49. Kxf2 Be5 50. Kf3 Bf4 51. Ke4 Kg7 52.
Kf5 Kf7 53. Rb6 Kg7 54. Rb7+ Kh6 55. Kf6 Bd2 56. Kf7 1-0

[Event "BL 1314 SC Viernheim - SF Katernberg"]
[Site "?"]
[Date "2013.12.14"]
[Round "5.2"]
[White "Abergel, Thal"]
[Black "Kryvoruchko, Yuriy"]
[Result "0-1"]
[WhiteElo "2426"]
[BlackElo "2701"]
[PlyCount "128"]
[EventDate "2013.??.??"]

1. d4 Nf6 2. Nf3 e6 3. e3 b6 4. Bd3 Bb7 5. O-O d5 6. Nbd2 Bd6 7. Ne5 O-O 8. f4
c5 9. Qf3 Nc6 10. c3 Rc8 11. Qh3 Ne7 12. Ndf3 Ne4 13. Bd2 Rc7 14. Be1 Qc8 15.
Rd1 f6 16. Nd2 Nf5 17. g4 Nh6 18. Nef3 Ba6 19. Bxa6 Qxa6 20. Nxe4 dxe4 21. dxc5
Bxc5 22. Nd4 Qxa2 23. Qg2 f5 24. h3 Rd7 25. g5 Nf7 26. Bh4 g6 27. Ra1 Qc4 28.
Bg3 Re8 29. Rfd1 e5 30. fxe5 Nxe5 31. Bxe5 Rxe5 32. h4 Re8 33. Qf1 Qf7 34. b4
Bf8 35. Ra6 Rc8 36. Nb5 Rcd8 37. Rxd7 Rxd7 38. Qa1 f4 39. Qa2 fxe3 40. Qxf7+
Rxf7 41. Rxa7 e2 42. Ra1 Rf4 43. Nd4 Rxh4 44. Kf2 Rh2+ 45. Ke3 Be7 46. Kxe4
Bxg5 47. Re1 Rh3 48. Nf3 Bf6 49. c4 Bc3 50. Rxe2 Bxb4 51. Ra2 Rh5 52. Ra7 Rc5
53. Ne5 Bc3 54. Ra8+ Kg7 55. Ra7+ Kh6 56. Nf7+ Kh5 57. Nd6 h6 58. Kd3 Be5 59.
Ne4 Rc7 60. Ra6 Rd7+ 61. Ke3 Bd4+ 62. Ke2 g5 63. Kf3 Rf7+ 64. Kg2 Rf4 0-1

[Event "BL 1314 SC Viernheim - SF Katernberg"]
[Site "?"]
[Date "2013.12.14"]
[Round "5.3"]
[White "Romanov, Evgeny"]
[Black "Libiszewski, Fabien"]
[Result "1/2-1/2"]
[WhiteElo "2653"]
[BlackElo "2526"]
[PlyCount "117"]
[EventDate "2013.??.??"]

1. d4 Nf6 2. c4 g6 3. Nc3 Bg7 4. e4 d6 5. Bd3 O-O 6. Nge2 Nc6 7. O-O Nd7 8. Be3
e5 9. d5 Nd4 10. Bb1 c5 11. dxc6 bxc6 12. Nxd4 exd4 13. Bxd4 Ne5 14. Bd3 Rb8
15. b3 Nf3+ 16. Qxf3 Bxd4 17. Rac1 Qg5 18. Ne2 Be5 19. h3 Be6 20. Rcd1 Rfd8 21.
Bb1 d5 22. cxd5 cxd5 23. Nd4 Bxd4 24. Rxd4 dxe4 25. Rxe4 Rd2 26. h4 Qd5 27. h5
Qxh5 28. Qxh5 gxh5 29. Re5 Rd5 30. Rxd5 Bxd5 31. Re1 Be6 32. Re5 Rd8 33. Be4
Rd1+ 34. Kh2 Rd2 35. Ra5 Rxf2 36. Rxa7 h4 37. Kg1 Rb2 38. Rb7 Rxa2 39. b4 Rb2
40. b5 Kg7 41. b6 Rb5 42. Bc6 Rb1+ 43. Kh2 h3 44. gxh3 Kf6 45. Rb8 Bc4 46. Kg3
Ba6 47. Bd5 Ke7 48. Be4 Rb3+ 49. Kf4 Kf6 50. Bd5 Rb4+ 51. Ke3 h6 52. Be4 Ke5
53. Re8+ Kf6 54. Rh8 Rb3+ 55. Kf4 Rb4 56. Kf3 Rb3+ 57. Kf4 Rb4 58. Ke3 Rb3+ 59.
Kf4 1/2-1/2

[Event "BL 1314 SC Viernheim - SF Katernberg"]
[Site "?"]
[Date "2013.12.14"]
[Round "5.5"]
[White "Siebrecht, Sebastian"]
[Black "Mandel, Andreas"]
[Result "1-0"]
[WhiteElo "2500"]
[BlackElo "2404"]
[PlyCount "43"]
[EventDate "2013.??.??"]

1. d4 Nf6 2. c4 g6 3. Nc3 Bg7 4. e4 d6 5. Be2 O-O 6. Be3 e5 7. d5 Na6 8. g4 Nc5
9. Bf3 a5 10. h4 Nfd7 11. h5 a4 12. Qd2 Bf6 13. Nh3 Nb6 14. Be2 gxh5 15. O-O-O
Bxg4 16. Ng5 Bxg5 17. Bxg5 f6 18. Bh6 Rf7 19. Rdg1 Kh8 20. Bxg4 hxg4 21. Rxg4
f5 22. Bg7+ 1-0

[Event "BL 1314 SC Viernheim - SF Katernberg"]
[Site "?"]
[Date "2013.12.14"]
[Round "5.6"]
[White "Jacob, Volker"]
[Black "Zaragatski, Ilja"]
[Result "1-0"]
[WhiteElo "2276"]
[BlackElo "2497"]
[PlyCount "67"]
[EventDate "2013.??.??"]

1. d4 Nf6 2. c4 c5 3. d5 b5 4. cxb5 a6 5. e3 Bb7 6. Nc3 Qa5 7. Bd2 axb5 8. Bxb5
Qb6 9. Nge2 Nxd5 10. O-O Nc7 11. a4 g6 12. e4 Bg7 13. a5 Qa7 14. Bf4 Bc6 15.
Bc4 O-O 16. Qd2 Nba6 17. Bh6 Rab8 18. Bxg7 Kxg7 19. Ng3 Rb4 20. b3 Ne6 21. Nd5
Bxd5 22. exd5 Nd4 23. Rae1 e6 24. Qg5 Nf5 25. Nh5+ Kg8 26. g4 Nd4 27. Re3 f6
28. Nxf6+ Kg7 29. Nh5+ Kg8 30. f4 Nxb3 31. dxe6 Rxc4 32. e7 Re8 33. Qd5+ Kh8
34. Qf7 1-0